La atención a las personas dependientes en España (Registro nro. 43367)
[ vista simple ]
| 000 -CABECERA | |
|---|---|
| Longitud fija campo de control | 01037naa a2200265 c 4500 |
| 001 - NÚMERO DE CONTROL | |
| Número de control | 43367 |
| 003 - IDENTIFICADOR DE NÚMERO DE CONTROL | |
| Identificador del número de control | ES-MaCES |
| 005 - FECHA Y HORA DE LA ÚLTIMA TRANSACCIÓN | |
| Fecha y hora de la última transacción | 20121015123700.0 |
| 008 - CAMPO FIJO DE DESCRIPCIÓN FIJA--INFORMACIÓN GENERAL | |
| Códigos de información de longitud fija | 121015n2012 sp t 000 | spa d |
| 035 ## - NÚMERO DE CONTROL DEL SISTEMA | |
| Número de control del sistema | CES20120009795v |
| 040 ## - FUENTE DE CATALOGACIÓN | |
| Centro catalogador de origen | ES-MaCES |
| Lengua de catalogación | spa |
| Centro transcriptor | ES-MaCES |
| 100 1# - ENCABEZAMIENTO PRINCIPAL--NOMBRE PERSONAL | |
| Nombre de persona | Braña Pino, Francisco Javier |
| 9 (RLIN) | 8262 |
| 245 13 - MENCIÓN DE TÍTULO | |
| Título | La atención a las personas dependientes en España |
| Resto del título | : una meta-evaluación desde la economía política = care for dependent people in Spain : a meta-evaluation from political economy |
| Mención de responsabilidad, etc. | Francisco Javier Braña Pino |
| 650 #4 - ASIENTO SECUNDARIO DE MATERIA--TÉRMINO DE MATERIA | |
| Término de materia o nombre geográfico como elemento inicial | España |
| 9 (RLIN) | 26964 |
| 650 #4 - ASIENTO SECUNDARIO DE MATERIA--TÉRMINO DE MATERIA | |
| Término de materia o nombre geográfico como elemento inicial | política económica |
| 9 (RLIN) | 27025 |
| 650 #4 - ASIENTO SECUNDARIO DE MATERIA--TÉRMINO DE MATERIA | |
| Término de materia o nombre geográfico como elemento inicial | política social |
| 9 (RLIN) | 27029 |
| 650 #4 - ASIENTO SECUNDARIO DE MATERIA--TÉRMINO DE MATERIA | |
| Término de materia o nombre geográfico como elemento inicial | bienestar |
| 9 (RLIN) | 27033 |
| 650 #4 - ASIENTO SECUNDARIO DE MATERIA--TÉRMINO DE MATERIA | |
| Término de materia o nombre geográfico como elemento inicial | cuidado a las personas con discapacidad |
| 9 (RLIN) | 27063 |
| 650 #4 - ASIENTO SECUNDARIO DE MATERIA--TÉRMINO DE MATERIA | |
| Término de materia o nombre geográfico como elemento inicial | dependencia |
| 9 (RLIN) | 29506 |
| 653 10 - TÉRMINO DE INDEXACIÓN--NO CONTROLADO | |
| Término no controlado | Asuntos Sociales |
| 773 0# - ENTRADA DE DOCUMENTO FUENTE | |
| Título | Sistema |
| Parte(s) relacionada(s) | n. 225-226 (mayo 2012){10278 R. 081832}; p. 91-122 |
| Número de control del registro relacionado | (ES-MaCES)25730 |
| Itemnumber del ítem fuente | 70362 |
| 902 ## - CES. TIPO DE DOCUMENTO | |
| Tipodoc (006$c Sirtex) | ART Artículo de revista |
| 942 ## - ELEMENTOS KOHA | |
| Fuente de clasificaión o esquema | Clasificación propia del CES |
| Koha [por defecto] tipo de item | Artículos (1982-2017) |
| Parte de clasificación | 3.3. |
No hay ítems disponibles.
